000 00615nam a2200181 i 4500
001 142434
003 ES-MaACL
005 20231227062551.0
007 t|
008 071005s1916 sp ||||1| spa d
100 1 _aVillafañe, José María.
_9114920
245 1 0 _aMiscelánea
_b: artículos y novelas /
_cJosé Mª Villafañe ; prólogo de Rafael Mª de Labra.
260 _aBarcelona :
_b[s.n.,
_c1916] (
_fCasa de Caridad)
300 _aVIII, 320 p. ;
_c23 cm.
700 1 _aLabra, Rafael M. de,
_d1840-1918
_969273
852 _aES-MaACL
_jZ-96
_xOlim: F-1818
_xOlim: 343-C-30
999 _c142434
_d142434